Нормален изглед
MARC изглед
- Калянджиев, С.
Вход 01. Лично име
001 - Контролен номер на записа
- Контролно поле: 446826
003 - Код на организацията, даваща контролен номер
- Контролно поле: BLK
005 - Дата и час на последна промяна на записа
- Контролно поле: 20210406130829.0
008 - Данни с фиксирана дължина – обща информация
- Данни с фиксирана дължина : 210406|| aca||aabn | a|a d
100 ## - ИМЕ НА ЛИЦЕ -ПЪРВИЧНА ИНТЕЛЕКТУАЛНА ОТГОВОРНОСТ
- Лично име: Калянджиев, С.
- Ключова дума за отношение: прев. от нем.
942 ## - Системна служебна употреба
- Koha auth type: PERSO_NAME